[Event "GER-ch U25-C"]
[Site "Willingen"]
[Date "2018.05.20"]
[Round "2"]
[White "Trenkelbach, Cassian Karl"]
[Black "Jagodzinsky, Lukas"]
[Result "0-1"]
[WhiteElo "1076"]
[BlackElo "840"]
[PlyCount "114"]
[EventDate "2018.05.19"]
[EventType "swiss"]
[EventRounds "9"]
[EventCountry "GER"]
[SourceTitle "CBM 184 Extra"]
[Source "ChessBase"]
[SourceDate "2018.06.28"]
[SourceVersion "1"]
[SourceVersionDate "2018.06.28"]
[SourceQuality "1"]

1. d4 d5 2. Nc3 Nf6 3. Bf4 Bf5 4. Nb5 e5 5. Bxe5 Bd6 6. Bxd6 cxd6 7. Nf3 Nc6 8. e3 Nb4 9. Na3 Qa5 10. c3 Nc6 11. Bb5 a6 12. Bxc6+ bxc6 13. 0-0 0-0 14. Re1 Qd8 15. Qa4 Rb8 16. Qxa6 Rxb2 17. Qxc6 Qd7 18. Qxd7 Nxd7 19. Ng5 Ra8 20. Nb1 Rab8 21. e4 dxe4 22. Nxe4 d5 23. Nd6 Bxb1 24. Re8+ Rxe8 25. Nxe8 Nb6 26. a4 Nc4 27. a5 Nxa5 28. Rxa5 Re2 29. g3 Rxe8 30. Rxd5 Be4 31. Rd7 Ra8 32. f3 Bxf3 33. Kf2 Bg4 34. Re7 g6 35. d5 Ra2+ 36. Ke3 Ra3 37. Kf4 Bf5 38. Re8+ Kg7 39. Ke5 Rxc3 40. d6 Re3+ 41. Kd5 Rxe8 42. Kc6 Re2 43. d7 Bxd7+ 44. Kxd7 Rxh2 45. g4 f5 46. gxf5 gxf5 47. Ke6 f4 48. Ke5 f3 49. Ke4 f2 50. Ke3 f1R 51. Ke4 Rh3 52. Ke5 Rh4 53. Ke6 Rh5 54. Ke7 Rh6 55. Ke8 Rf7 56. Kd8 Ra6 57. Kc8 Ra8# 0-1